|
|
|
|
| LEADER |
00000nam a2200000 i 4500 |
| 001 |
1/73073 |
| 008 |
961120s1960 gre d |
| 035 |
|
|
|a 1996
|b 3
|c Δωρεά
|l 10031415
|
| 040 |
|
|
|a GR-MY-UA
|b gre
|e aacr
|
| 041 |
0 |
|
|a gre
|
| 082 |
0 |
|
|a 372.495
|
| 100 |
1 |
|
|a Βαβαρέτος, Γεώργιος Α.
|
| 245 |
1 |
0 |
|a Νομοθεσία στοιχειώδους εκπαιδεύσεως /
|c Γ.Α.Βαβαρέτου
|
| 260 |
|
|
|a Αθήναι :
|b Ατλαντίς,
|c 1960
|
| 300 |
|
|
|a 144 σ.
|
| 650 |
0 |
0 |
|a Education, Elementary
|z Greece
|x Law and legislation.
|
| 852 |
|
|
|a INST
|b RHODES
|e 19961120
|h 372.495 ΒΑΒ
|p 005400006999
|q 005400006999
|t BK
|y 0
|
| 909 |
|
|
|a Ρ
|b 042956
|c 1996
|
| 970 |
|
|
|z 2000/08/ΔΕΜΕΝΑΓΑΣ ΠΕΤΡΟΣ
|